000 00527nmm a2200193Ia 4500
008 251105s9999||||xx |||||||||||||||||und||
020 _a9788490650356
041 _aspa
100 _aChoi, Susan
245 0 _aMi educación
264 _a[Madrid, España] :
_bAlba Editorial,
_c2016
300 _a432 páginas
490 _aAlba Contemporánea
650 _aNorth American narrative
700 _aChoi, Susan
700 1 _a Vidal Sanz, Laura
856 _uhttps://public.digitaliapublishing.com/a/48819
942 _cCF
999 _c63979
_d63979